| 000 | 00582nam a2200205 u 4500 | ||
|---|---|---|---|
| 005 | 20250703063905.0 | ||
| 008 | 090401s2005 mx r 000 0 spa d | ||
| 020 | _a9702407265 | ||
| 035 | _aUPN01000170219 | ||
| 049 | _aI | ||
| 050 | 4 |
_aPZ78 _bM8.2 |
|
| 100 | 1 |
_aMurray Prisant, Guillermo, _d1957- _931523 |
|
| 245 | 1 | 3 |
_aLa amenaza / _cGuillermo Murray Prisant. |
| 260 |
_aMéxico : _bPatria, _c2005. |
||
| 300 |
_a156 p. : _bil. |
||
| 440 | 0 | _aLeyendas de misterio | |
| 650 | 4 |
_aCUENTOS DE TERROR - _vLITERATURA JUVENIL _96755 |
|
| 650 | 2 |
_aLeyendas _98252 |
|
| 905 | _aInfantil | ||
| 999 |
_c142325 _d142325 |
||